| 000 | 00000nam##2200000za#4500 |
| 001 | 9.644033 |
| 003 | CaOODSP |
| 005 | 20210624224444 |
| 007 | cr ||||||||||| |
| 008 | 150407|2014||||xxc|||||o f|0| 0 fre|d |
| 020 | |a978-0-660-23012-2 |
| 040 | |aCaOODSP|bfre |
| 043 | |an-cn--- |
| 086 | 1 |aEn164-51/2014F-PDF |
| 110 | 1 |aCanada. |bEnvironnement Canada. |
| 245 | 10|aAccord Canada-Ontario sur la qualité de l'eau et la santé de l'écosystème des Grands Lacs, 2014 / |h[ressource électronique]|cpublié par Environnement Canada et le Ministère de l'Environnement et de l'Action en matière de changement climatique. |
| 260 | |aOttawa - Ontario : |bEnvironnement Canada |cc2014. |
| 300 | |a94p.|bfigure, carte |
| 590 | |a15-01|b2015-01-02 |
| 691 | 07|aQualité de l'eau|2gcpds |
| 691 | 07|aLac|2gcpds |
| 775 | 08|tCanada-Ontario Agreement on Great Lakes Water Quality and Ecosystem Health, 2014 / |w(CaOODSP)9.700133 |
| 776 | 0#|tAccord Canada-Ontario concernant la qualité de l'eau et la santé de l'écosystème des Grands Lacs, 2014 |w(CaOODSP)9.678151 |
| 794 | |tAccord Canada-Ontario sur la qualité de l’eau et la santé de l’écosystème des Grands Lacs, 2021.|w(CaOODSP)9.899855 |
| 856 | 40|ahttp://publications.gc.ca|qPDF|s1520 Ko|uhttps://publications.gc.ca/collections/collection_2014/ec/En164-51-2014-fra.pdf |